000 01254nam a22002057a 4500
999 _c145836
_d145836
005 20181008145656.0
010 _a17-18HN-4.8.17 B-704134-140
020 _a9789383278398
_c350.00
035 _aB-704134-140
037 _bबुक ट्री पब्लिशिंग हाउस
082 _a070.4
100 _aउपाध्याय, सुशील
245 _aमीडिया मुद्दे और चुनौतियां /
_cसुशील उपाध्याय
260 _aदिल्ली
_bबुक ट्री पब्लिशिंग हाउस
_c2018
270 _a29/61, गली न. 11 विश्वास नगर
_bदिल्ली
_e110032
270 _aआत्माराम बिल्डिंग, 1376, इंडियन बैंक के पीछे, कशमीरी गेट
_bदिल्ली
_e110006
300 _a144 पृ.
_c22से.मी.(सजिल्द)
942 _2ddc
_cHN
_h070.4
_mउपाध्या